书目信息 |
| 书名: | 苏联当代文学作品选读 | |
| 作者: | 徐稚芳等选编. | |
| 分册号: | ||
| 分册名: | 出版地: | 北京 : |
|
| 出版社: | 商务印书馆 | |
| 出版时间: | 1989 | |
| 页数: | 511页 ; | |
| 开本: | 20cm. | |
| 丛书名: | ||
| 中图分类号: | ||
| 科图分类号: | ||
| 其他分类号: | H359.4:I51 | |
| 主题词: | ||
| 电子资源: | ||
| 000 | 00578nam0 2200217 45 | |
| 001 | 01200303900 | |
| 005 | 20070309103050.20 | |
| 008 | 030606m1989 em ch 000 0 y01i | |
| 020 | @a7-100-00707-0 :@cCNY21.00. | |
| 040 | @a541@bchi | |
| 041 | @arus | |
| 090 | @aH359.4:I51 | |
| 099 | @dH359.4:I51@ex4 | |
| 100 | 1 | @a徐稚芳@4选编 |
| 245 | 10 | @a苏联当代文学作品选读 / @c徐稚芳等选编. |
| 260 | 1 | @a北京 :@b商务印书馆,@c1989@g(2003重印). |
| 300 | @a511页 ;@c20cm. | |
| 650 | 04 | @a俄语@x阅读教学@x高等学校 |
| 700 | 1 | @a刘宗次@4选编 |
| 700 | 1 | @a余绍裔@4选编 |
| 700 | 1 | @a傅佩娟@4选编 |
| 苏联当代文学作品选读 / / 徐稚芳等选编.-北京 : : 商务印书馆, , 1989f ((2003重印).). |
| 511页 ; ; 20cm. |
| ISBN 7-100-00707-0 :CNY21.00. |
| ● |
| 相关链接 |
|
|
|
|
正题名:苏联当代文学作品选读
索取号:H359.4:I51/x4
 
预约/预借
| 序号 | 登录号 | 条形码 | 馆藏地/架位号 | 状态 | 备注 |
| 1 | 0001289 | 300012894 | 第二样本阅览室/ [索取号:H359.4:I51/x4] | 在馆 | |
| 2 | 0001290 | 300012901 | 第四借阅区/ [索取号:H359.4:I51/x4] | 在馆 | |
| 3 | 0001291 | 300012910 | 第四借阅区/ [索取号:H359.4:I51/x4] | 在馆 |